| 000 | 01685nam0a2200361 4500 | ||
|---|---|---|---|
| 001 | RU\NLR\b_ik\201752 | ||
| 005 | 20250613195043.0 | ||
| 021 |
_aRU _b2013-20672 _91455 |
||
| 035 | _a(NLR Aleph) 009997545 | ||
| 090 |
_a9771965 _c9771965 |
||
| 100 | _a20130425d2012 |||y0rusy50 ca | ||
| 101 | 0 |
_aeng _drus |
|
| 102 | _aRU | ||
| 105 | _aa ||||||||| | ||
| 200 | 1 |
_aGamma spectrometer for sdudying the MCF reactions _fD.L. Demin, V.V. Filchenkov, L.N. Generalov [et al.] |
|
| 210 |
_aДубна _cИздательский отдел Объединенного института ядерных исследований _d2012 |
||
| 215 |
_a13, [1] с. _cил. _d22 |
||
| 225 | 1 |
_aОбъединенный институт ядерных исследований, Дубна _vЕ15-2012-107 |
|
| 300 | _aНа 3-й с. обл.: Гамма-спектрометр для изучения мю-катализа / Демин Д.Л. и др. | ||
| 300 | _aРез. на рус. яз. | ||
| 320 | _aБиблиогр. в конце кн. (30 назв.) | ||
| 517 | 0 | _aГамма-спектрометр для излучения мю-катализа | |
| 606 | 1 |
_aГамма-спектрометры _91163499 _3RU\NLR\auth\66148138 |
|
| 606 | 1 |
_aМюонный катализ _xИсследование _xАппараты и приборы _92074220 _3RU\NLR\auth\661249202 |
|
| 686 | _aГ555.2с3 | ||
| 701 | 1 |
_aDemin _bD. L. _gDmitrij L'vovič _4070 |
|
| 701 | 1 |
_aFil'čenkov _bV. V. _gVladimir Vladimirovič _4070 |
|
| 701 | 1 |
_aGeneralov _bL. N. _4070 |
|
| 801 | 0 |
_aRU _bNLR _c20130425 _gRCR |
|
| 801 | 1 |
_aRU _bNLR _c20130425 |
|
| 942 | _cBOOK | ||
| 980 | _aNB | ||